Statistics for All Municipalities of Békés County, Hungary on a Map

Click here to take the quiz!

General Stats

  • This quiz has been taken 15 times
  • The average score is 33 of 75

Answers on the Map

Answers color-coded by a green-red scale on the quiz's map according to % correct below.
 

Answer Stats

Answer% Correct
Békés
100%
Békéscsaba
100%
Gyula
100%
Orosháza
91%
Szarvas
91%
Battonya
64%
Gyomaendrőd
64%
Békésszentandrás
55%
Dévaványa
55%
Dombegyház
55%
Elek
55%
Füzesgyarmat
55%
Lőkösháza
55%
Medgyesegyháza
55%
Mezőhegyes
55%
Mezőkovácsháza
55%
Szeghalom
55%
Csabacsűd
45%
Csorvás
45%
Kardos
45%
Kardoskút
45%
Kétegyháza
45%
Kevermes
45%
Kisdombegyház
45%
Kondoros
45%
Kötegyán
45%
Kunágota
45%
Magyardombegyház
45%
Méhkerék
45%
Nagyszénás
45%
Pusztaottlaka
45%
Sarkad
45%
Szabadkígyós
45%
Tótkomlós
45%
Újkígyós
45%
Vésztő
45%
Almáskamarás
36%
Biharugra
36%
Csanádapáca
36%
Csárdaszállás
36%
Dombiratos
36%
Gerendás
36%
Geszt
36%
Kaszaper
36%
Körösladány
36%
Körösnagyharsány
36%
Körösújfalu
36%
Magyarbánhegyes
36%
Medgyesbodzás
36%
Mezőberény
36%
Mezőgyán
36%
Murony
36%
Nagybánhegyes
36%
Nagykamarás
36%
Örménykút
36%
Sarkadkeresztúr
36%
Telekgerendás
36%
Újszalonta
36%
Végegyháza
36%
Békéssámson
27%
Bélmegyer
27%
Bucsa
27%
Csabaszabadi
27%
Doboz
27%
Ecsegfalva
27%
Gádoros
27%
Hunya
27%
Kamut
27%
Kertészsziget
27%
Kétsoprony
27%
Köröstarcsa
27%
Okány
27%
Pusztaföldvár
27%
Tarhos
27%
Zsadány
27%

Score Distribution

Percentile by Number Answered

Percent of People with Each Score

Your Score History

You have not taken this quiz